« Retourner aux résultats de recherche
Lila Triton et la Sorcière Tempête
| Auteur principal: | Derek Keilty |
|---|---|
| D'autres auteurs: | Magda Brol Eva Grynszpan |
| Support: | Livres |
| Langue: | Francais |
| Publié: |
DL 2025 Flammarion jeunesse Paris |
| Genre: |
Roman enfant |
| Sujets: | |
| Étiquettes: |
Ajouter
Pas de Tags !
|
| LEADER | 00705nam0a2200205 450 | ||
|---|---|---|---|
| 001 | 16847329 | ||
| 010 | |a 978-2-08-048059-0 |b br. |d 10,9 | ||
| 100 | |a 20251031d2026 u u0frey01 ba | ||
| 101 | 1 | |a fre |c eng | |
| 102 | |a FR | ||
| 200 | 0 | |a Lila Triton et la Sorcière Tempête |f Derek Keilty |g [illustrations], Magda Brol - traduit par Eva Grynszpan | |
| 207 | 1 | |a | |
| 210 | |a Paris |c Flammarion jeunesse |d DL 2025 | ||
| 215 | |a 1 vol. (172 p.) |c ill. |d 20 cm | ||
| 700 | 0 | |a Keilty |b Derek |4 70 | |
| 702 | 0 | |a Brol |b Magda |4 440 | |
| 702 | 0 | |a Grynszpan |b Eva |4 730 | |
| 900 | |a Roman enfant | ||
| 901 | |a Accessible au prêt | ||
| 995 | |a Bibliothèque |c Bibliothèque |f 024025894 |h 024025894 |k E C3 KEI |o p |q j |r az |e Bibliothèque | ||
